| 000 | 00497nam a2200193Ia 4500 | ||
|---|---|---|---|
| 003 | OSt | ||
| 005 | 20260306160922.0 | ||
| 008 | 210210b1992 xxu||||| |||| 00| 0 eng d | ||
| 040 | _cAL | ||
| 041 | _aHindi | ||
| 082 | _a863/23 | ||
| 100 |
_aSETH (Govindadas) _dसेठ (गोविंददास). _9258085 |
||
| 245 |
_aPrakash _bप्रकाश |
||
| 260 |
_aJabalpur _b- _c1992 |
||
| 650 |
_aPrakash _9258086 |
||
| 690 |
_aHindi Drama _9258087 |
||
| 906 | _a023399 | ||
| 942 |
_2ddc _cBK |
||
| 999 |
_c148366 _d148366 |
||